Statistics for NCAA Division I Football Teams Ranked Number 1

Click here to take the quiz!

General Stats

  • This quiz has been taken 3,624 times
    (263 since last reset)
  • The average score is 13 of 18

Answer Stats

Most RecentCollege% Correct
2024Michigan
99%
2022Alabama
98%
2023Georgia
97%
2015Ohio State
91%
2009Florida
86%
2019LSU
86%
2020Clemson
81%
2014Florida State
81%
2008Texas
81%
2012USC
79%
2011Oklahoma
71%
2012Oregon
68%
2010Auburn
65%
2002Miami
56%
2012Notre Dame
50%
2000Nebraska
38%
2014Mississippi State
27%
2007Missouri
15%

Score Distribution

Percentile by Number Answered

Percent of People with Each Score

Your Score History

You have not taken this quiz since the last reset